Central Library OPAC University of Rajshahi

উত্তরাধিকার / (Record no. 65088)

MARC details
000 -LEADER
fixed length control field 00772nam a2200229 a 4500
001 - CONTROL NUMBER
control field 65088
003 - CONTROL NUMBER IDENTIFIER
rucl marc code BD-RjUL
005 - DATE AND TIME OF LATEST TRANSACTION
control field 20211209081403.0
008 - FIXED-LENGTH DATA ELEMENTS--GENERAL INFORMATION
fixed length control field 170227r19781972ii |||| |||| 000 0 ben d
020 ## - INTERNATIONAL STANDARD BOOK NUMBER
Terms of availability : Tk. 12.50
035 ## - SYSTEM CONTROL NUMBER
System control number (BD-RjUL)65218
040 ## - CATALOGING SOURCE
Original cataloging agency BD-RjUL
Language of cataloging ben
Transcribing agency BD-RjUL
Modifying agency BD-RjUL
041 ## - LANGUAGE CODE
Language code of text/sound track or separate title ben
082 ## - DEWEY DECIMAL CLASSIFICATION NUMBER
Edition number 23
Classification number 891.443
Author mark and year JOU 1978
100 1# - MAIN ENTRY--PERSONAL NAME
Personal name জরাসন্ধ
9 (RLIN) 175732
245 1# - TITLE STATEMENT
Title উত্তরাধিকার /
Statement of responsibility, etc. জরাসন্ধ
260 ## - PUBLICATION, DISTRIBUTION, ETC. (IMPRINT)
Place of publication, distribution, etc. কলকাতা :
Name of publisher, distributor, etc. প্রকাশ ভবন,
Date of publication, distribution, etc. ১৯৭২ [পুনঃমুদ্রণ ১৯৭৮]
300 ## - PHYSICAL DESCRIPTION
Pagination ২৯১ পৃ. ;
Size ১৯ সেমি.
650 ## - SUBJECT ADDED ENTRY--TOPICAL TERM
Topical term or geographic name as entry element বাংলা উপন্যাস
9 (RLIN) 170454
Topical term or geographic name as entry element Bengali Fiction
9 (RLIN) 170455
942 ## - ADDED ENTRY ELEMENTS (KOHA)
Source of classification or shelving scheme Dewey Decimal Classification
Koha item type Books
Holdings
Lost status Source of classification or shelving scheme Damaged status Not for loan Collection code Permanent Location Current Location Shelving location Date acquired Source of acquisition Cost, normal purchase price Total Checkouts Full call number Date last seen Copy number Koha item type
  Dewey Decimal Classification   Not For Loan Fiction Central Library, University of Rajshahi Central Library, University of Rajshahi Reading Room 16/11/1979 India International, Kolkata 12.50   B 891.443 JOU 1978 27/02/2017 C-1 Books